Austragungsorte von Biathlon-Weltcups seit 2010 - Statistiken

Allgemein
  • Dieses Quiz wurde 20 mal gespielt
  • Das Durchschnittsergebnis liegt bei 9 aus 20
Antwortstatistiken
Hint Antwort % Korrekt
Italien Antholz
95%
Deutschland Oberhof
80%
Norwegen Oslo
75%
Deutschland Ruhpolding
75%
Schweden Östersund
65%
Tschechien Nové Město
60%
Finnland Kontiolahti
55%
Frankreich Le Grand-Bornand
50%
Estland Otepää
50%
Österreich Hochfilzen
45%
Slowenien Pokljuka
45%
Vereinigte Staaten Soldier Hollow
45%
Schweiz Lenzerheide
40%
Russland Sotschi
35%
Südkorea Pyeongchang
30%
Kanada Canmore
25%
Russland Chanty-Mansijsk
25%
Russland Tjumen
15%
Vereinigte Staaten Fort Kent
10%
Vereinigte Staaten Presque Isle
10%
Keine übereinstimmenden Quizze gefunden
Verteilung der Resultate
Anzahl Personen mit jedem Resultat
Perzentil nach korrekt beantworteten Fragen
Ihre Resultats-Entwicklung
Sie haben dieses Quiz noch nicht gespielt